| 000 | 00715cam a2200229 a 4500 | ||
|---|---|---|---|
| 001 | 000019955 | ||
| 005 | 20200929170214.0 | ||
| 008 | 770331s1969 pr b 000 0 spa d | ||
| 040 |
_aDO-SdBNP _bspa _cLC _dBNPHU |
||
| 050 | 0 | 0 |
_aF1960 _b.M42 1969 |
| 082 |
_ann* _bM524p, 1969 |
||
| 100 | 1 |
_aMellado Parsons, Ramón. _942549 |
|
| 245 | 1 | 0 |
_aPuerto Rico y occidente : _bensayos pedagógicos / _cRamón Mellado. |
| 250 | _a5a ed. | ||
| 260 |
_aSan Juan, Puerto Rico : _bEdil, _c1969. |
||
| 300 |
_a185 p. ; _c22 cm. |
||
| 651 | 0 |
_aPuerto Rico _xCivilization. _942550 |
|
| 650 | 0 |
_aEducation _zPuerto Rico. _929346 |
|
| 650 | 0 |
_aCivilization, western. _942551 |
|
| 910 | _aCatalogación derivada / LC | ||
| 049 | _aBNGR | ||
| 999 |
_c19468 _d19468 |
||